KOHA-Header-6

Computer Organization And Architecture (Record no. 8356)

000 -LEADER
fixed length control field 00260nam a2200109Ia 4500
020 ## - INTERNATIONAL STANDARD BOOK NUMBER
ISBN 978-0136073734
100 ## - MAIN ENTRY--AUTHOR NAME
Personal name William Stallings
245 #0 - TITLE STATEMENT
Title Computer Organization And Architecture
260 ## - PUBLICATION, DISTRIBUTION, ETC. (IMPRINT)
Place of publication New Delhi
Name of publisher McGraw Hill
Year of publication 1998
300 ## - PHYSICAL DESCRIPTION
Number of Pages 1180
942 ## - ADDED ENTRY ELEMENTS (KOHA)
Koha item type Books
Holdings
Withdrawn status Lost status Collection code Permanent Location Current Location Shelving location Date acquired Full call number Accession Number Koha item type
    Electrical Engineering MAJU MAJU Shelf No.A25 2019-09-13 005.43 3026 Electrical Engineering

Powered by Koha